Piosenki Black Sabbath - Nagła Śmierć - Statystyki

Ogólne statystyki
  • Ten quiz został rozwiązany 81 razy
    65 od ostatniego zresetowania
  • Średni wynik to 10 z 20
Answers on the Grid
Answers color-coded by a green-red scale on the quiz's grid according to % correct below.
A National Acrobat
After Forever
Black Sabbath
Changes
Children Of The Grave
Comfortably Numb
Die Young
Dreams
Electric Funeral
Embryo
End Of The Beginning
Gimme The Prize
Heaven And Hell
In The End
In The Lap Of The Gods
Iron Man
Lady Stardust
Misfire
N.I.B
Neon Knights
Paranoid
Planet Caravan
Rat Salad
Run To The Hills
Sabbath Bloody Sabbath
Stay Away
Sweet Leaf
The Chain
The Show Must Go On
The Wizard
Tie Your Mother Down
Time
War Pigs
 
Statystyki odpowiedzi
Odpowiedź % Poprawnych
Black Sabbath
83%
Paranoid
80%
Iron Man
78%
War Pigs
73%
Sabbath Bloody Sabbath
70%
N.I.B
68%
Children Of The Grave
63%
Heaven And Hell
58%
The Wizard
50%
After Forever
48%
Changes
48%
Electric Funeral
48%
Planet Caravan
40%
End Of The Beginning
38%
Sweet Leaf
38%
Die Young
35%
Rat Salad
35%
A National Acrobat
30%
Neon Knights
25%
Embryo
23%
Nie znaleziono quizów pasujących do podanych kryteriów
Rozkład punktacji
Procent ludzi z każdym wynikiem
Percentyl według liczby udzielonych odpowiedzi
Twoja historia wyników
Nie rozwiązałeś tego quizu od ostatniego zresetowania